Statistics for Countries by Tallest Statue

Click here to take the quiz!

General Stats

  • This quiz has been taken 29 times
  • The average score is 7 of 10

Answer Stats

StatueHeight (metres)Country% Correct
Spring Temple Buddha128China
92%
Statue of Unity183India
88%
The Motherland Calls52Russia
88%
Ushiku Daibutsu100Japan
73%
Garuda Wisnu Kencana statue76Indonesia
69%
Great Buddha of Thailand92Thailand
69%
Great Standing Maitreya Buddha57.6Taiwan
58%
Son Tra Quan Am67Vietnam
58%
Laykyun Sekkya115.8Myanmar
50%
Motherland Monument62Ukraine
46%

Score Distribution

Percentile by Number Answered

Percent of People with Each Score

Your Score History

You have not taken this quiz